000 00706nam a2200229 4500
001 32551
003 AR-RoBPED
005 20260413095836.0
008 260410t1969 es |||er ||| 001 1 spa d
040 _aAR-RoBPED
041 _aspa
100 1 _aBalzac, Honoré de,
_d1799-1850
_9499
245 1 _aUn asunto tenebroso /
_cHonore de Balzac; prólogo de Carlos Ollero.
260 _aEspaña:
_bSalvat,
_c1969.
300 _a176 p.
490 0 _a(Biblioteca Basica Salvat;
_vN° 39)
650 4 _aLITERATURA FRANCESA
_9393
650 4 _aNOVELAS
_925
700 _aOllero, Carlos
_930701
_eprol.
942 _2udc
_ak. 32551
_cBK
_h840-31
_mB 17 a
_ninv. 42379
945 _amm 10/04/2026 - cd 13/04/2026
999 _c32551
_d32551